[Event "ICS rated blitz match"]
[Site "204.178.125.65"]
[Date "1999.08.28"]
[Round "?"]
[White "Hossa"]
[Black "MissSilicon"]
[Result "1-0"]
[WhiteElo "2517"]
[BlackElo "2634"]
[PlyCount "141"]
[EventDate "1999.??.??"]

1. d4 Nf6 2. Nf3 e6 3. c4 Bb4+ 4. Bd2 Qe7 5. a3 Bxd2+ 6. Nbxd2 d5 7. e3 O-O 8.
Bd3 Nc6 9. O-O Rd8 10. cxd5 exd5 11. Rc1 Re8 12. Ng5 a5 13. Qb3 a4 14. Qc2 g6
15. Qc5 Bg4 16. Bb5 Bd7 17. Rfd1 h6 18. Ngf3 Ra5 19. Qxe7 Rxe7 20. Bxc6 Bxc6
21. Ne5 Bb5 22. Rc2 c6 23. Rdc1 Ra8 24. Nb1 Nd7 25. Nxd7 Rxd7 26. Nd2 Re7 27.
h4 Rae8 28. g3 Bd3 29. Rc3 Be2 30. b3 axb3 31. Rxb3 f5 32. Rb6 Ra8 33. Rc3 Rf8
34. Rcb3 Ba6 35. a4 Rff7 36. R3b4 g5 37. hxg5 hxg5 38. Nb3 Rh7 39. Nc5 Be2 40.
f4 Rxe3 41. Rxb7 Rxb7 42. Rxb7 Bc4 43. Kg2 Re2+ 44. Kg1 Re1+ 45. Kf2 Rf1+ 46.
Ke3 g4 47. Rb8+ Kf7 48. Rb7+ Ke8 49. Rb8+ Ke7 50. Rb7+ Kd8 51. Rg7 Rf3+ 52. Kd2
Kc8 53. Rf7 Rxg3 54. Rxf5 Bf1 55. Rf8+ Kc7 56. Rg8 Bh3 57. a5 Rg2+ 58. Kc3 Rg1
59. a6 Ra1 60. f5 Kb6 61. f6 Rc1+ 62. Kd2 Rf1 63. Rb8+ Kc7 64. Rb7+ Kd8 65. a7
Rf2+ 66. Kc3 Rf3+ 67. Kb4 Rb3+ 68. Kxb3 g3 69. f7 Bd7 70. Rxd7+ Kc8 71. a8=Q# {
MissSilicon checkmated} 1-0

[Event "ICS rated blitz match"]
[Site "204.178.125.65"]
[Date "1999.08.28"]
[Round "?"]
[White "Hossa"]
[Black "MissSilicon"]
[Result "0-1"]
[WhiteElo "2542"]
[BlackElo "2608"]
[PlyCount "75"]
[EventDate "1999.??.??"]

1. f4 d5 2. Nf3 Nf6 3. e3 g6 4. d4 Bg7 5. Bb5+ c6 6. Bd3 Na6 7. Bxa6 Qa5+ 8.
Nc3 Qxa6 9. Ne2 O-O 10. O-O Ne4 11. Re1 Bf5 12. Nd2 Nf6 13. b3 c5 14. c4 Ng4
15. Nf1 dxc4 16. Nfg3 Qe6 17. Nf1 c3 18. Neg3 c2 19. Qd2 cxd4 20. Nxf5 dxe3 21.
N1xe3 gxf5 22. Nxg4 Qb6+ 23. Nf2 Bxa1 24. Qxc2 Rfc8 25. Qxf5 Bd4 26. Qg5+ Kh8
27. Bb2 Bxb2 28. Qxe7 Rc2 29. Re3 Bd4 30. Ng4 Rc7 31. Qe4 f5 32. Qd3 fxg4 33.
Kf2 Bxe3+ 34. Kg3 Rg8 35. Qe2 Bf2+ 36. Qxf2 Rc3+ 37. Qe3 Qxe3+ 38. Kh4 {
Hossa resigns} 0-1

[Event "ICS rated blitz match"]
[Site "204.178.125.65"]
[Date "1999.09.12"]
[Round "?"]
[White "Hossa"]
[Black "MissSilicon"]
[Result "0-1"]
[WhiteElo "2478"]
[BlackElo "2626"]
[PlyCount "112"]
[EventDate "1999.??.??"]

1. e4 e5 2. Nf3 Nf6 3. d4 exd4 4. e5 Ne4 5. Qxd4 d5 6. exd6 Nxd6 7. Nc3 Nc6 8.
Bb5 Qe7+ 9. Qe3 Nxb5 10. Nxb5 Be6 11. O-O a6 12. Nbd4 Nxd4 13. Nxd4 Bc4 14. Re1
O-O-O 15. Qxe7 Bxe7 16. Rxe7 Rxd4 17. Be3 Rd6 18. b3 Be6 19. Re1 h6 20. Bf4 Rc6
21. Be5 Rg8 22. Rd1 Rxc2 23. h3 Rd8 24. Rf1 g5 25. h4 gxh4 26. Kh2 Rd5 27. Bf6
Rxa2 28. Rc1 c5 29. Bxh4 Rh5 30. Kg3 Ra3 31. Rc3 c4 32. Rxe6 fxe6 33. Rxc4+ Kd7
34. Kg4 Rb5 35. Rd4+ Ke8 36. Rd8+ Kf7 37. Rh8 Kg7 38. Be7 Kxh8 39. Bxa3 Rxb3
40. Bf8 a5 41. Bxh6 a4 42. Bf8 a3 43. Bd6 a2 44. Be5+ Kh7 45. f4 b5 46. f5
exf5+ 47. Kxf5 b4 48. Ba1 Rb1 49. Be5 b3 50. Kf4 b2 51. Bc3 Rf1+ 52. Ke5 b1=Q
53. Bb4 a1=Q+ 54. Kd5 Qf5+ 55. Kc6 Qa6+ 56. Kc7 56... Qfc8# {Hossa checkmated}
0-1

[Event "ICS rated blitz match"]
[Site "204.178.125.65"]
[Date "1999.08.28"]
[Round "?"]
[White "Hossa"]
[Black "MissSilicon"]
[Result "1-0"]
[WhiteElo "2496"]
[BlackElo "2646"]
[PlyCount "171"]
[EventDate "1999.??.??"]

1. d4 f5 2. e4 fxe4 3. Nc3 Nf6 4. Bg5 g6 5. Bxf6 exf6 6. Nxe4 d5 7. Ng3 Bd6 8.
Bb5+ c6 9. Bd3 Qb6 10. Rb1 Qa5+ 11. c3 Qxa2 12. N1e2 Bxg3 13. fxg3 Qa5 14. O-O
O-O 15. Nf4 Nd7 16. Nxg6 hxg6 17. Bxg6 Qc7 18. Qh5 Nb6 19. b3 a5 20. Rbe1 Qg7
21. Kh1 Bd7 22. Rf4 Rfd8 23. Ref1 Rf8 24. Rh4 Rfb8 25. Kg1 a4 26. Bh7+ Kf8 27.
Qe5 Kf7 28. Bb1 Rh8 29. Rhf4 Rh6 30. Qc7 Rah8 31. Qxb6 Rxh2 32. Rxf6+ Qxf6 33.
Rxf6+ Kxf6 34. bxa4 Rh1+ 35. Kf2 Bc8 36. Qb4 Kf7 37. g4 Rf8 38. Bf5 Ke8 39. Ke2
Bxf5 40. gxf5 Rxf5 41. Qxb7 Rf6 42. Qc8+ Ke7 43. Qc7+ Ke8 44. a5 Re6+ 45. Kd3
Rhe1 46. Qc8+ Kf7 47. a6 R6e3+ 48. Kc2 R3e2+ 49. Kb3 Rb1+ 50. Ka3 Ra1+ 51. Kb4
Rxg2 52. Qxc6 Rb2+ 53. Kc5 Ra5+ 54. Kd6 Kg6 55. a7 Rxa7 56. Kxd5+ Kg5 57. c4
Rg7 58. Qe6 Rbb7 59. Qe3+ Kg4 60. c5 Rbe7 61. Qg1+ Kf3 62. Qf1+ Ke3 63. Kc4 Ra7
64. Qd3+ Kf4 65. d5 Rg4 66. c6 Re7 67. Kd4 Rh4 68. d6 Re6 69. Qf1+ Kg3+ 70. Kd5
Rhh6 71. Qd3+ Kg2 72. Kc5 Re5+ 73. Kb6 Ree6 74. c7 Rxd6+ 75. Qxd6 Rxd6+ 76. Kb5
Rd5+ 77. Kb4 Rd4+ 78. Kc3 Rd1 79. Kc2 Rh1 80. c8=Q Rh4 81. Kd3 Rh3+ 82. Ke2 Kg3
83. Qf5 Kh4 84. Qf6+ Kh5 85. Qg7 Rh4 86. Kf3 {MissSilicon resigns} 1-0

[Event "ICS rated blitz match"]
[Site "204.178.125.65"]
[Date "1999.08.31"]
[Round "?"]
[White "Hossa"]
[Black "MissSilicon"]
[Result "0-1"]
[WhiteElo "2547"]
[BlackElo "2615"]
[PlyCount "114"]
[EventDate "1999.??.??"]

1. e4 c5 2. Nf3 Nc6 3. d4 cxd4 4. Nxd4 Nf6 5. Nc3 d6 6. Bb5 Bd7 7. Bg5 Nxd4 8.
Qxd4 Bxb5 9. Bxf6 gxf6 10. Nxb5 Bh6 11. O-O O-O 12. Rad1 Bf4 13. Qd5 Qb6 14. b3
Rfc8 15. c4 a6 16. Nc3 e6 17. Qh5 Be5 18. Ne2 Rc5 19. Qh6 Ra5 20. Rd2 Rc8 21.
Rfd1 Rc6 22. Nc1 Rc7 23. a4 Rc6 24. Rd3 Bb2 25. Rh3 Bd4 26. Rd2 Rg5 27. Qxh7+
Kf8 28. Rhd3 Be5 29. Ne2 Rg7 30. Qh6 Kg8 31. Rh3 Kf8 32. Rdd3 Rc5 33. Kh1 Rxc4
34. Rhg3 Qxf2 35. Qxg7+ Ke7 36. Rd1 Qxe2 37. Qg4 Rxe4 38. Qxe2 Rxe2 39. Rg4 d5
40. Rb4 b5 41. axb5 Bc3 42. Ra4 axb5 43. Ra7+ Kf8 44. Rb1 d4 45. b4 d3 46. Rb7
d2 47. Rg1 Bd4 48. Rd7 e5 49. g4 Re1 50. Rd8+ Ke7 51. Rxd4 exd4 52. Kg2 Rxg1+
53. Kxg1 d1=Q+ 54. Kg2 d3 55. h3 d2 56. g5 Qe2+ 57. Kg1 57... d1=Q# {
Hossa checkmated} 0-1

[Event "ICS rated blitz match"]
[Site "204.178.125.65"]
[Date "1999.10.02"]
[Round "?"]
[White "Hossa"]
[Black "MissSilicon"]
[Result "0-1"]
[WhiteElo "2414"]
[BlackElo "2589"]
[PlyCount "115"]
[EventDate "1999.??.??"]

1. e4 e5 2. Nf3 Nc6 3. Bb5 Bc5 4. O-O Nd4 5. Nxd4 Bxd4 6. c3 Bb6 7. d4 Qf6 8.
Be3 Ne7 9. f4 exd4 10. cxd4 c6 11. Be2 O-O 12. Nc3 d5 13. Qd2 dxe4 14. Nxe4 Qg6
15. Ng5 Nf5 16. Rfe1 Qd6 17. Rad1 Ba5 18. Qxa5 Nxe3 19. Rd2 Qxf4 20. Bd3 Nf5
21. Bxf5 Qxf5 22. Qxf5 Bxf5 23. Rf2 Bg6 24. Re7 f6 25. Nf3 b5 26. Rfe2 Rfe8 27.
Kf2 Kf8 28. Rc7 Rxe2+ 29. Kxe2 Be4 30. Kf2 a5 31. b3 a4 32. h4 axb3 33. axb3
Ra2+ 34. Ke3 Bd5 35. Rc8+ Kf7 36. Rc7+ Kg6 37. h5+ Kh6 38. g4 Rg2 39. Nh4 Rxg4
40. Nf5+ Kxh5 41. Rxg7 Rxg7 42. Nxg7+ Kg5 43. Ne8 Bxb3 44. Kf3 b4 45. Nd6 f5
46. Ke2 h5 47. Nb7 Bc4+ 48. Kd2 h4 49. Na5 Bd5 50. Nb7 h3 51. Nc5 h2 52. Nd3
h1=Q 53. Nc5 Bf3 54. Kc2 Qd1+ 55. Kb2 Qxd4+ 56. Kb1 Qxc5 57. Kb2 Qc3+ 58. Ka2 {
Hossa resigns} 0-1

[Event "ICS rated blitz match"]
[Site "204.178.125.65"]
[Date "1999.09.26"]
[Round "?"]
[White "Hossa"]
[Black "MissSilicon"]
[Result "0-1"]
[WhiteElo "2399"]
[BlackElo "2581"]
[PlyCount "117"]
[EventDate "1999.??.??"]

1. e4 e6 2. d4 d5 3. Nc3 dxe4 4. Nxe4 Nd7 5. Nf3 Ngf6 6. Nxf6+ Nxf6 7. Bd3 Bb4+
8. c3 Bd6 9. Bg5 h6 10. Bxf6 Qxf6 11. O-O O-O 12. Qc2 b6 13. Be4 Rb8 14. Rae1
Ba6 15. Bd3 Bxd3 16. Qxd3 Rfd8 17. Qa6 Ra8 18. Re2 c5 19. Rfe1 cxd4 20. cxd4
Rdc8 21. Qb7 Bb4 22. Rf1 Qd8 23. Ne5 Rc7 24. Qe4 Qf8 25. f4 Rac8 26. f5 exf5
27. Qxf5 Qd6 28. Re4 Qd5 29. Nd3 Qxf5 30. Rxf5 Bf8 31. h4 g6 32. Rf2 Re7 33.
Rxe7 Bxe7 34. Rf4 Kg7 35. a3 Bd6 36. Re4 Rc4 37. Nf4 f5 38. Ne6+ Kf6 39. Re3
Rc1+ 40. Kf2 Rc2+ 41. Kf3 g5 42. g4 fxg4+ 43. Kxg4 Rg2+ 44. Kf3 Rg3+ 45. Kf2
Rxe3 46. Kxe3 Kxe6 47. hxg5 hxg5 48. Ke4 g4 49. d5+ Kd7 50. a4 Bh2 51. b4 Kd6
52. b5 g3 53. Kf3 Kxd5 54. Kg2 Ke4 55. a5 bxa5 56. b6 axb6 57. Kh3 a4 58. Kg4
g2 59. Kg5 {Hossa resigns} 0-1

[Event "ICS rated blitz match"]
[Site "204.178.125.65"]
[Date "1999.10.14"]
[Round "?"]
[White "Hossa"]
[Black "MissSilicon"]
[Result "0-1"]
[WhiteElo "2374"]
[BlackElo "2669"]
[PlyCount "119"]
[EventDate "1999.??.??"]

1. e4 e5 2. Nf3 Nf6 3. Nc3 Nc6 4. Bb5 Bb4 5. O-O O-O 6. d3 Bxc3 7. bxc3 d6 8.
Bg5 h6 9. Bh4 Be6 10. Nd2 Na5 11. Ba4 a6 12. c4 c6 13. Bb3 d5 14. cxd5 Nxb3 15.
axb3 cxd5 16. f4 Qb6+ 17. Bf2 Qc7 18. fxe5 Qxe5 19. exd5 Qxd5 20. Ra4 Rfe8 21.
Rh4 Rac8 22. Be3 Qd8 23. Rd4 Nd5 24. Bf2 Qc7 25. c4 Nc3 26. Qh5 f5 27. Be3 Bf7
28. Qf3 Bh5 29. Qxh5 Rxe3 30. Kh1 Rf8 31. Qh4 b5 32. b4 Re2 33. Nf3 Rb2 34.
cxb5 axb5 35. Qe1 Ne2 36. Rf2 Qc2 37. Rd7 Re8 38. Rf1 f4 39. Qf2 Rf8 40. Ne1
Ng3+ 41. Kg1 Qc3 42. Qc5 Qxc5+ 43. bxc5 Nxf1 44. Kxf1 Re8 45. Nf3 b4 46. Rb7
Rb1+ 47. Kf2 Ra8 48. Nd4 Ra2+ 49. Ne2 b3 50. d4 Rbb2 51. Kf3 Rxe2 52. Kxf4 b2
53. Kf3 Re1 54. h4 b1=R 55. Rd7 Rb3+ 56. Kf4 Rf2+ 57. Kg4 Rxg2+ 58. Kh5 Rh1 59.
Rd8+ Kh7 60. Rh8+ {Hossa resigns} 0-1

[Event "ICS rated blitz match"]
[Site "204.178.125.65"]
[Date "1999.09.10"]
[Round "?"]
[White "Hossa"]
[Black "MissSilicon"]
[Result "0-1"]
[WhiteElo "2463"]
[BlackElo "2626"]
[PlyCount "147"]
[EventDate "1999.??.??"]

1. e4 e5 2. Nf3 Nc6 3. Bc4 Bc5 4. Nc3 Nf6 5. Bd5 Nxd5 6. Nxd5 O-O 7. d3 d6 8.
Be3 Nd4 9. Bxd4 exd4 10. b4 c6 11. bxc5 cxd5 12. cxd6 Qxd6 13. e5 Qb4+ 14. Qd2
Qxd2+ 15. Kxd2 f6 16. exf6 Rxf6 17. h3 Rg6 18. Rh2 Bd7 19. Nxd4 Rf8 20. f3 Re8
21. Rb1 b6 22. Re1 Rxe1 23. Kxe1 Kf7 24. c3 Kf6 25. g4 Rh6 26. h4 Rg6 27. g5+
Kf7 28. f4 Rd6 29. f5 a6 30. Re2 Bc8 31. Kd2 b5 32. a3 Bd7 33. Re5 a5 34. Nb3
a4 35. Nd4 h6 36. gxh6 gxh6 37. Ke3 Kf6 38. Kf4 Kf7 39. Nc2 Bc8 40. Nb4 Bb7 41.
h5 Kf6 42. Re8 d4 43. Rg8 Bh1 44. Rg6+ Ke7 45. Rxd6 Kxd6 46. cxd4 Bd5 47. Kg3
Bf7 48. Kg4 Bg8 49. Kh3 Bh7 50. f6 Ke6 51. f7 Kxf7 52. Kg4 Ke6 53. Kf4 Kd6 54.
Kf3 Bg8 55. Kg3 Bb3 56. Kg4 Bd1+ 57. Kh4 Be2 58. d5 Bf3 59. d4 Bg2 60. Nc2 Kxd5
61. Ne3+ Kxd4 62. Nf5+ Kd3 63. Kg3 b4 64. axb4 Ba8 65. Nxh6 a3 66. Nf5 a2 67.
Kf4 a1=Q 68. Kg4 Bb7 69. Kg5 Qe5 70. b5 Bc8 71. Kh6 Qf6+ 72. Kh7 Bxf5+ 73. Kg8
Qe7 74. h6 {Hossa resigns} 0-1

[Event "ICS rated blitz match"]
[Site "204.178.125.65"]
[Date "1999.09.09"]
[Round "?"]
[White "Hossa"]
[Black "MissSilicon"]
[Result "0-1"]
[WhiteElo "2490"]
[BlackElo "2620"]
[PlyCount "101"]
[EventDate "1999.??.??"]

1. c4 e5 2. Nc3 Nf6 3. e3 Bb4 4. d4 exd4 5. exd4 O-O 6. Bd3 d5 7. Bg5 dxc4 8.
Bxc4 Qe8+ 9. Nge2 Qc6 10. Bxf6 Qxc4 11. Be5 Bg4 12. f3 Bf5 13. O-O Nd7 14. Qa4
Nxe5 15. b3 b5 16. bxc4 bxa4 17. dxe5 Rae8 18. Rad1 Rxe5 19. Kf2 Be6 20. f4
Bc5+ 21. Ke1 Rh5 22. Rh1 Bxc4 23. Rd7 Bd6 24. Ng3 Ra5 25. f5 Re5+ 26. Kd2 Ba6
27. f6 g6 28. Rb1 Bc8 29. Rxd6 cxd6 30. Rb8 Bd7 31. Rb7 Bc6 32. Rxa7 Ra8 33.
Rxa8+ Bxa8 34. Nxa4 Bxg2 35. Kd3 Re6 36. Nc3 Rxf6 37. a4 Rf3+ 38. Kd2 Rf4 39.
Ke3 Rh4 40. a5 f5 41. Kf2 Bc6 42. a6 Rxh2+ 43. Ke3 h5 44. Nge2 h4 45. Nd4 Ba8
46. Ndb5 h3 47. Nxd6 Rg2 48. Nd1 h2 49. Nb5 h1=Q 50. Ndc3 f4+ 51. Kd4 {
Hossa resigns} 0-1

[Event "ICS rated blitz match"]
[Site "204.178.125.65"]
[Date "1999.09.20"]
[Round "?"]
[White "Hossa"]
[Black "MissSilicon"]
[Result "1-0"]
[WhiteElo "2373"]
[BlackElo "2706"]
[PlyCount "148"]
[EventDate "1999.??.??"]

1. e4 c5 2. Nf3 Nc6 3. d4 cxd4 4. Nxd4 Nf6 5. Nc3 d6 6. Bg5 e6 7. Qd2 a6 8. Be2
Nxd4 9. Qxd4 e5 10. Qa4+ Bd7 11. Qb3 b5 12. Bh5 g6 13. Nd5 Qa5+ 14. c3 Nxd5 15.
Qxd5 Rc8 16. Bf6 Rg8 17. Bf3 Be6 18. Qd2 Bc4 19. Qd1 Be7 20. Bxe7 Kxe7 21. a4
f5 22. exf5 gxf5 23. Bb7 Rc7 24. Bd5 Bxd5 25. Qxd5 Rg4 26. O-O Rxa4 27. Rad1
Qb6 28. Qg8 Rg4 29. Qxh7+ Kf6 30. Qh6+ Rg6 31. Qf8+ Ke6 32. Qe8+ Kf6 33. Rd5
Rcg7 34. g3 Rg8 35. Qd7 Rd8 36. Qh7 Rg7 37. Qh6+ Rg6 38. Qh4+ Ke6 39. Rfd1 Rf6
40. Qh7 a5 41. h4 f4 42. g4 f3 43. R1d2 Rf4 44. Qg6+ Ke7 45. R2d3 Rf6 46. Qg7+
Ke6 47. g5 Rf4 48. Rxe5+ dxe5 49. Qg6+ Ke7 50. Qxb6 Rxd3 51. Qxb5 Rd1+ 52. Kh2
Ke6 53. Qe8+ Kf5 54. Qc8+ Ke4 55. h5 Kd3 56. Qc7 Rh4+ 57. Kg3 Rdh1 58. Qd6+ Kc2
59. Kxf3 Rg1 60. Qxe5 Rxh5 61. Qxa5 Rgxg5 62. Qa3 Ra5 63. Qb4 Rhb5 64. Qd4 Rd5
65. Qg7 Kxb2 66. c4+ Re5 67. Kf4 Kc3 68. Qxe5+ Kb4 69. Qxa5+ Kxa5 70. Ke5 Kb6
71. f4 Kc5 72. f5 Kb4 73. f6 Kxc4 74. f7 74... Kd3 {MissSilicon resigns} 1-0

[Event "ICS rated blitz match"]
[Site "204.178.125.65"]
[Date "1999.09.30"]
[Round "?"]
[White "Hossa"]
[Black "MissSilicon"]
[Result "0-1"]
[WhiteElo "2477"]
[BlackElo "2600"]
[PlyCount "107"]
[EventDate "1999.??.??"]

1. d4 Nf6 2. c4 e6 3. Nc3 Bb4 4. f3 d5 5. Kf2 dxc4 6. a3 Bxc3 7. bxc3 Bd7 8. e4
Bb5 9. a4 Ba6 10. Ba3 Nc6 11. Ne2 Ne7 12. Rb1 O-O 13. Nf4 Re8 14. Rg1 Nc6 15.
Ne2 e5 16. d5 Na5 17. Rb4 Nb3 18. Ng3 c5 19. Rxb3 cxb3 20. Bxa6 bxa6 21. Qxb3
Nd7 22. Rd1 Qa5 23. Ra1 Rab8 24. Qc2 c4 25. Kf1 Rb3 26. Bb4 Qc7 27. Nf5 a5 28.
Bd6 Qb6 29. Qc1 f6 30. Ne7+ Kh8 31. Nf5 g6 32. Nh6 Kg7 33. Ba3 Nc5 34. Bxc5
Qxc5 35. Ng4 Reb8 36. Qe1 Rb2 37. Qc1 Kh8 38. Qe1 R8b6 39. Rd1 Qa3 40. Ra1 Ra2
41. Rd1 Rc2 42. Qh4 Rxc3 43. Nxf6 Rxf3+ 44. gxf3 Qxf3+ 45. Ke1 Rxf6 46. Qg3
Qxe4+ 47. Kd2 Rf3 48. Qxf3 Qxf3 49. Kc1 Qc3+ 50. Kb1 Qb3+ 51. Kc1 c3 52. Rd2
cxd2+ 53. Kxd2 e4 54. h4 {Hossa resigns} 0-1

[Event "ICS rated blitz match"]
[Site "204.178.125.65"]
[Date "1999.09.14"]
[Round "?"]
[White "Hossa"]
[Black "MissSilicon"]
[Result "1/2-1/2"]
[WhiteElo "2403"]
[BlackElo "2604"]
[PlyCount "153"]
[EventDate "1999.??.??"]

1. Nf3 Nf6 2. c4 e6 3. Nc3 c5 4. e3 Be7 5. d4 O-O 6. Bd3 cxd4 7. exd4 d5 8. O-O
Nc6 9. Bg5 dxc4 10. Bxc4 Qb6 11. Bb5 Rd8 12. Bxc6 bxc6 13. Qc2 Ba6 14. Rfc1 Qc7
15. Ne4 Nxe4 16. Qxe4 Rac8 17. b3 Bxg5 18. Nxg5 h6 19. Qh7+ Kf8 20. Nf3 f6 21.
Re1 Rd6 22. b4 Bc4 23. a3 a5 24. Rac1 Bd5 25. Nh4 axb4 26. Ng6+ Kf7 27. axb4
Rdd8 28. b5 Qb8 29. bxc6 Rxc6 30. Rb1 Qc8 31. Ne7 Kxe7 32. Qxg7+ Kd6 33. Qxf6
Rg8 34. Qf4+ Ke7 35. g3 Rc4 36. Qxh6 Rxd4 37. Qh5 Rg7 38. Qe5 Rgg4 39. Rbc1 Rc4
40. Ra1 Qc5 41. Qh5 Kf6 42. Ra6 Rc2 43. Rf1 Rg6 44. Qh7 Rg7 45. Qh6+ Kf7 46.
Qf4+ Kg8 47. Re1 e5 48. Qf5 Qc3 49. Raa1 Re7 50. Qg6+ Kf8 51. Rab1 Qc7 52. Rb5
Rc5 53. Qf6+ Ke8 54. Rb8+ Kd7 55. Qf5+ Re6 56. Rh8 Kc6 57. Rd1 Rc3 58. Ra8 Bc4
59. h3 Rd6 60. Rda1 Rd7 61. Qf6+ Kc5 62. Re8 Rd5 63. Kh1 Rcd3 64. Raa8 Rd1+ 65.
Kh2 Kb4 66. Rec8 Qd6 67. Qf3 R1d3 68. Qe4 R5d4 69. Qb7+ Kc3 70. Ra4 Rxg3 71.
Kxg3 e4+ 72. Kg2 Qg6+ 73. Kh2 Qd6+ 74. Kg2 Qg6+ 75. Kh2 Qd6+ 76. Kg2 Qg6+ 77.
Kh2 {Game drawn by repetition} 1/2-1/2

[Event "ICS rated blitz match"]
[Site "204.178.125.65"]
[Date "1999.09.25"]
[Round "?"]
[White "Hossa"]
[Black "MissSilicon"]
[Result "0-1"]
[WhiteElo "2499"]
[BlackElo "2675"]
[PlyCount "78"]
[EventDate "1999.??.??"]

1. d4 Nf6 2. Nf3 e6 3. Bg5 h6 4. Bxf6 Qxf6 5. e4 d6 6. Bb5+ c6 7. Bd3 e5 8. c3
Be7 9. O-O O-O 10. Na3 Bg4 11. Be2 Qf4 12. Nd2 Be6 13. Nc2 Bg5 14. Ne3 exd4 15.
cxd4 Re8 16. Qa4 Nd7 17. Qb4 Nb6 18. g3 Qf6 19. f4 c5 20. dxc5 dxc5 21. Qa3 Qd4
22. fxg5 Qxd2 23. Bb5 Red8 24. gxh6 gxh6 25. Qxc5 Qxb2 26. Nf5 Kh7 27. Rfb1 Qf6
28. Ne7 Qg5 29. Qa3 Qe5 30. Bf1 Nc4 31. Qb4 Rd2 32. Nf5 Qxe4 33. Rd1 Rb2 34.
Qe7 Ne5 35. Nh4 Nf3+ 36. Nxf3 Qe3+ 37. Kh1 Qxf3+ 38. Kg1 Qf2+ 39. Kh1 39...
Qxh2# {Hossa checkmated} 0-1

[Event "ICS rated blitz match"]
[Site "204.178.125.65"]
[Date "1999.09.01"]
[Round "?"]
[White "Hossa"]
[Black "MissSilicon"]
[Result "0-1"]
[WhiteElo "2535"]
[BlackElo "2666"]
[PlyCount "75"]
[EventDate "1999.??.??"]

1. f4 d5 2. e3 c5 3. Nf3 e6 4. Be2 Nf6 5. O-O Nc6 6. c4 Be7 7. d4 O-O 8. Nc3
dxc4 9. Bxc4 cxd4 10. exd4 Qb6 11. Bd3 Nxd4 12. Bxh7+ Nxh7 13. Nxd4 Rd8 14. Be3
Bc5 15. Nce2 e5 16. fxe5 Bg4 17. Kh1 Bxd4 18. Bxd4 Bxe2 19. Qxe2 Rxd4 20. Rac1
Re8 21. Qh5 Rd7 22. Rce1 Rde7 23. b3 Nf6 24. Qg5 Qa5 25. Qxg7+ Kxg7 26. exf6+
Kf8 27. fxe7+ Rxe7 28. Rxe7 Kxe7 29. a4 Qd5 30. Rb1 Qd3 31. Re1+ Kf8 32. Rc1
Qxb3 33. Ra1 Qc3 34. Rf1 Qc4 35. Ra1 Qd4 36. Re1 Qxa4 37. g3 b5 38. Kg2 {
Hossa resigns} 0-1

[Event "ICS rated blitz match"]
[Site "204.178.125.65"]
[Date "1999.09.26"]
[Round "?"]
[White "Hossa"]
[Black "MissSilicon"]
[Result "0-1"]
[WhiteElo "2513"]
[BlackElo "2627"]
[PlyCount "112"]
[EventDate "1999.??.??"]

1. e4 e6 2. d4 d5 3. Nc3 Nf6 4. e5 Ne4 5. Nxe4 dxe4 6. Be3 Nc6 7. Bc4 Na5 8.
Be2 Qd5 9. Nh3 Nc4 10. Bxc4 Qxc4 11. Ng5 Qb4+ 12. c3 Qxb2 13. Nxe4 Be7 14. a4
b6 15. Rb1 Qa2 16. O-O Ba6 17. Re1 O-O 18. Bg5 Bxg5 19. Nxg5 Rad8 20. Ra1 Qc4
21. Ra3 c5 22. Qh5 h6 23. Nf3 Bb7 24. dxc5 Qxc5 25. Rb3 Rd3 26. Nh4 Rxc3 27.
Rxc3 Qxc3 28. Rd1 Rc8 29. Kh1 Rc5 30. Rd8+ Kh7 31. Qd1 Rxe5 32. Rd2 Qb3 33. Nf3
Bxf3 34. gxf3 Qxd1+ 35. Rxd1 Ra5 36. Rd4 e5 37. Rb4 Rd5 38. Rb5 Rxb5 39. axb5
Kg6 40. Kg2 Kf5 41. Kg3 Kg5 42. h3 Kf5 43. h4 h5 44. Kh3 Kf4 45. Kg2 f5 46. Kg1
Kxf3 47. Kf1 e4 48. Kg1 Ke2 49. Kg2 f4 50. Kg1 e3 51. fxe3 f3 52. Kh2 f2 53.
Kg3 f1=Q 54. e4 Qf3+ 55. Kh2 Kf1 56. e5 56... Qg2# {Hossa checkmated} 0-1

[Event "ICS rated blitz match"]
[Site "204.178.125.65"]
[Date "1999.09.06"]
[Round "?"]
[White "Hossa"]
[Black "MissSilicon"]
[Result "0-1"]
[WhiteElo "2509"]
[BlackElo "2662"]
[PlyCount "53"]
[EventDate "1999.??.??"]

1. e4 e5 2. Nf3 Nc6 3. Bb5 a6 4. Ba4 Nf6 5. O-O Nxe4 6. Re1 Nc5 7. Bxc6 dxc6 8.
Nxe5 Be7 9. d4 Ne6 10. Be3 O-O 11. c3 c5 12. d5 Ng5 13. c4 Re8 14. Qh5 g6 15.
Qh6 Bf6 16. Nd3 Rxe3 17. Rxe3 Bg7 18. Qxg7+ Kxg7 19. f4 Qf6 20. Re5 Ne4 21. Na3
Bf5 22. b3 Nc3 23. Nf2 Ne2+ 24. Kh1 Re8 25. Rf1 Rxe5 26. fxe5 Qh4 27. d6 {
Hossa resigns} 0-1

[Event "ICS rated blitz match"]
[Site "204.178.125.65"]
[Date "1999.09.04"]
[Round "?"]
[White "Hossa"]
[Black "MissSilicon"]
[Result "1-0"]
[WhiteElo "2444"]
[BlackElo "2694"]
[PlyCount "127"]
[EventDate "1999.??.??"]

1. e4 e6 2. d4 d5 3. Nc3 dxe4 4. Nxe4 Nd7 5. Nf3 Ngf6 6. Nxf6+ Nxf6 7. Bd3 Bb4+
8. c3 Bd6 9. Bg5 h6 10. Bxf6 Qxf6 11. O-O O-O 12. Qc2 b6 13. Be4 Rb8 14. Rae1
Ba6 15. Bd3 Bxd3 16. Qxd3 Rfd8 17. Qa6 Ra8 18. Re2 Qf5 19. Rfe1 c5 20. Qb5 Rac8
21. Re4 cxd4 22. Qxf5 exf5 23. Rxd4 Bc5 24. Rd2 Rxd2 25. Nxd2 Bf8 26. g3 Rc6
27. Nf3 Re6 28. Rxe6 fxe6 29. Nd4 Kf7 30. Nc6 a5 31. a4 Kf6 32. b4 Bd6 33. bxa5
bxa5 34. Nxa5 e5 35. Nb7 Bb8 36. a5 Ke6 37. c4 Kd7 38. Nc5+ Kc6 39. Ne6 g6 40.
Kf1 Kd6 41. Nf8 g5 42. a6 Ba7 43. Ng6 h5 44. Ke2 Ke6 45. h4 Kf6 46. Nf8 gxh4
47. gxh4 Ke7 48. Nh7 Kd6 49. Nf6 Kc5 50. Kd3 e4+ 51. Ke2 Kxc4 52. Nxh5 Kb5 53.
Ng3 f4 54. Nxe4 Kxa6 55. Kf3 Bd4 56. Kxf4 Kb5 57. h5 Kc6 58. h6 Kd7 59. Kf5 Ke7
60. h7 Ba1 61. Ng5 Bd4 62. Kg6 Bb2 63. Nf7 Bc3 64. h8=Q {MissSilicon resigns}
1-0

[Event "ICS rated blitz match"]
[Site "204.178.125.65"]
[Date "1999.08.29"]
[Round "?"]
[White "Hossa"]
[Black "MissSilicon"]
[Result "1-0"]
[WhiteElo "2494"]
[BlackElo "2622"]
[PlyCount "125"]
[EventDate "1999.??.??"]

1. e4 e6 2. d4 d5 3. Nc3 Nf6 4. e5 Ne4 5. Nxe4 dxe4 6. Be3 Nc6 7. Bc4 Na5 8.
Be2 Be7 9. Nh3 O-O 10. O-O Nc6 11. f3 exf3 12. Bxf3 Nb4 13. c3 Nd5 14. Bf2 f6
15. exf6 Rxf6 16. Qd3 Rf8 17. Rae1 c6 18. Be4 Nf6 19. Bh4 Nxe4 20. Rxf8+ Qxf8
21. Bxe7 Qxe7 22. Qxe4 Bd7 23. Qe5 Re8 24. Rf1 Rf8 25. Rxf8+ Qxf8 26. Nf4 Qf5
27. Qb8+ Qf8 28. Qc7 Qc8 29. Qd6 Qe8 30. Nd3 Bc8 31. Qb8 a5 32. Nc5 b5 33. Nb7
Bd7 34. Qxe8+ Bxe8 35. Nxa5 e5 36. dxe5 Kf7 37. b3 Ke6 38. a4 bxa4 39. bxa4
Kxe5 40. Nc4+ Kd5 41. Na3 Bg6 42. a5 Bd3 43. Kf2 Ba6 44. Ke3 Bf1 45. g3 Ba6 46.
h4 g6 47. g4 Ke5 48. Nc2 Bc8 49. g5 c5 50. Na3 Ba6 51. Nb1 c4 52. Nd2 Kf5 53.
Ne4 Kg4 54. Nf6+ Kxh4 55. Nxh7 Bc8 56. Kd4 Ba6 57. Kc5 Bb7 58. Kxc4 Kg3 59. Kb5
Bf3 60. a6 Kf4 61. a7 Ke5 62. Kb6 Kd6 63. c4 {MissSilicon resigns} 1-0

[Event "ICS rated blitz match"]
[Site "204.178.125.65"]
[Date "1999.08.30"]
[Round "?"]
[White "Hossa"]
[Black "MissSilicon"]
[Result "0-1"]
[WhiteElo "2512"]
[BlackElo "2625"]
[PlyCount "145"]
[EventDate "1999.??.??"]

1. e4 c5 2. Nf3 d6 3. d4 cxd4 4. Nxd4 Nf6 5. Bb5+ Bd7 6. Nc3 e5 7. Bxd7+ Qxd7
8. Nb3 Be7 9. O-O O-O 10. Bg5 Rc8 11. Bxf6 Bxf6 12. Qd3 Na6 13. Nd5 Bg5 14.
Rad1 Nc7 15. c3 Ne6 16. f3 Qa4 17. Qb1 Rc6 18. Nd2 Rac8 19. b3 Qa5 20. Nc4 Qc5+
21. Kh1 a5 22. a4 Ra6 23. Qc2 Re8 24. Qe2 Nf4 25. Nxf4 Bxf4 26. Qd3 Re6 27. Qd5
Qc7 28. Qb5 Bg5 29. Rd3 Rc6 30. Rd5 b6 31. Rfd1 Kf8 32. Qa6 Bh4 33. Kg1 Bg5 34.
R1d3 Bh4 35. Rb5 Bd8 36. Rd2 Bg5 37. Re2 Bd8 38. Rd5 Bg5 39. Rb2 Bf4 40. Rb1
Rh6 41. Qa8+ Ke7 42. g3 Rg6 43. Kf2 Bg5 44. Qg8 h5 45. h4 Bh6 46. Rbd1 Rf6 47.
R1d3 Rg6 48. Qh8 Rf6 49. Kg1 Re6 50. Qg8 Rg6 51. Kh2 Rf6 52. Kh3 Rg6 53. Rd1
Qd7+ 54. Kh2 Qc7 55. R5d3 Rf6 56. Kg2 Rg6 57. Kh3 Qd7+ 58. Kh2 Rc8 59. Qh7 Rxc4
60. bxc4 Qxa4 61. Kh3 Qc2 62. f4 exf4 63. R1d2 Rxg3+ 64. Rxg3 Qxd2 65. Rg2 Qe1
66. Kh2 f3 67. Qxh6 gxh6 68. Rg7 Qe2+ 69. Kg3 f2 70. e5 dxe5 71. Rxf7+ Kxf7 72.
Kg2 f1=Q+ 73. Kg3 {Hossa resigns} 0-1